Podlinkové nástroje marketingovej komunikácie
V posledných rokoch sa dostávajú do popredia netradičné tzv. podlinkové (below-the-line) nástroje marketingovej komunikácie. Ide o sponzoring, Product placement, Event-marketing, multimediálna a interná komunikácia. V príspevku sú popísané možnosti využitia jednotlivých nástrojov z teoretického, ako...
Salvato in:
| Autore principale: | |
|---|---|
| Natura: | Capitolo di libro |
| Lingua: | slovacco |
| Soggetti: | |
| Tags: |
Nessun Tag, puoi essere il primo ad aggiungerne!!
|
MARC
| LEADER | 00000nla$a2200000$$$4500 | ||
|---|---|---|---|
| 001 | 0059376 | ||
| 005 | 20240522080630.5 | ||
| 041 | 0 | |a slo | |
| 044 | |a CZ | ||
| 245 | 1 | 0 | |a Podlinkové nástroje marketingovej komunikácie |c Kamila Rubaninská |
| 520 | |a V posledných rokoch sa dostávajú do popredia netradičné tzv. podlinkové (below-the-line) nástroje marketingovej komunikácie. Ide o sponzoring, Product placement, Event-marketing, multimediálna a interná komunikácia. V príspevku sú popísané možnosti využitia jednotlivých nástrojov z teoretického, ako aj praktického hľadiska. Podlinkové nástroje marketingovej komunikácie budú udávať trendy v budúcnosti pre svoju schopnosť prispôsobiť sa požiadavkám a potrebám individuálnych zákazníkov. | ||
| 610 | 2 | 0 | |a komunikácia marketingová |
| 610 | 2 | 0 | |a komunikácia interná |
| 610 | 2 | 0 | |a komunikácia masová |
| 610 | 2 | 0 | |a produkty |
| 610 | 2 | 0 | |a sponzorovanie |
| 100 | 1 | |a Rubaninská, Kamila | |